00483 2200205 4500001002100000005001500021008004100036020002200077035001900099041000700118082000800125090001400133100002100147700001500168245001700183260002500200300002000225500001100245650002100256INLIS00000000000331320241224112711241224||||||||| | ||| |||| || |  a978-979-024-505-1 0010-1224003313 aid0 a823 a823 HOL g0 aSuzanne Williams0 aJohn Holub00aGoddes Girls aJakartabAtriac2013 a170 hlm.; 20 cm aCet. 1 0aIlmu Kesusatraan